| 000 | 00565npc a2200205Ia 4500 | ||
|---|---|---|---|
| 001 | dp6-301 [d000000199] | ||
| 003 | IT-MiCISF | ||
| 008 | 161014s9999||||xx | und|| | ||
| 040 |
_aIT-MiCISF _cIT-MiCISF |
||
| 041 | _ait | ||
| 100 | _aAA.VV. | ||
| 245 | 0 | _aPer una carta dei diritti delle coppie interconfessionali | |
| 250 | _a1a ed. | ||
| 260 |
_aPinerolo _bDiocesi di Pinerolo _c1990 |
||
| 300 | _ap. 3 | ||
| 500 | _a / matrimonio-misto, celebrazione-matrimonio, catechesi / | ||
| 650 | _apastorale | ||
| 942 | _cDD | ||
| 957 | _71 | ||
| 999 |
_a301 _bsi _g1 _c206367 _d206367 |
||